Soveregin states - Statistics

General Stats
  • This quiz has been taken 4 times
  • The average score is 118 of 206
Answer Stats
Answer Soverginity status % Correct
Australia Recognized
100%
Barbados Recognized
100%
Denmark Recognized
100%
India Recognized
100%
Japan Recognized
100%
Kosovo Unrecognized/ Claimed by Serbia
100%
New Zealand Recognized
100%
Norway Recognized
100%
Oman Recognized
100%
Pakistan Recognized
100%
Somaliland Unrecognized/ Claimed by Somalia
100%
Sweden Recognized
100%
Taiwan Recognized | Unrecognized/ Claimed by China
100%
United Arab Emirates Recognized
100%
United Kingdom Recognized
100%
United States of America Recognized
100%
Vietnam Recognized
100%
Abkhazia Unrecognized/ Claimed by Georgia
75%
Albania Recognized
75%
Andorra Recognized
75%
Angola Recognized
75%
Antigua and Barbuda Recognized
75%
Argentina Recognized
75%
Armenia Recognized
75%
Azerbaijan Recognized
75%
Bahrain Recognized
75%
Belgium Recognized
75%
Belize Recognized
75%
Bosnia and Herzegovina Recognized
75%
Botswana Recognized
75%
Brazil Recognized
75%
Canada Recognized
75%
Cyprus Recognized
75%
Dominica Recognized
75%
Dominican Republic Recognized
75%
Finland Recognized
75%
France Recognized
75%
Georgia Recognized
75%
Greece Recognized
75%
Grenada Recognized
75%
Indonesia Recognized
75%
Israel Recognized
75%
Jamaica Recognized
75%
Jordan Recognized
75%
Kenya Recognized
75%
Laos Recognized
75%
Luxembourg Recognized
75%
Malaysia Recognized
75%
Mali Recognized
75%
Mauritania Recognized
75%
Mauritius Recognized
75%
Monaco Recognized
75%
Montenegro Recognized
75%
Netherlands Recognized
75%
Northern Cyprus Unrecognized/ Claimed by Cyprus
75%
North Korea Recognized
75%
Portugal Recognized
75%
Qatar Recognized
75%
Saudi Arabia Recognized
75%
South Ossetia Unrecognized/ Claimed by Georgia
75%
Spain Recognized
75%
Switzerland Recognized
75%
Tajikistan Recognized
75%
Trinidad and Tobago Recognized
75%
Turkey Recognized
75%
Turkmenistan Recognized
75%
Uruguay Recognized
75%
Uzbekistan Recognized
75%
Vatican City Recognized
75%
Yemen Recognized
75%
Zambia Recognized
75%
Zimbabwe Recognized
75%
Afganistan Recognized
50%
Algeria Recognized
50%
Artsakh Unrecognized/ Claimed by Azerbaijan
50%
Austria Recognized
50%
Bangladesh Recognized
50%
Belarus Recognized
50%
Bhutan Recognized
50%
Brunei Recognized
50%
Bulgaria Recognized
50%
Burkina Faso Recognized
50%
Cambodia Recognized
50%
Cameroon Recognized
50%
Cape Verde Recognized
50%
Central African Republic Recognized
50%
China Recognized
50%
Colombia Recognized
50%
Comoros Recognized
50%
Costa Rica Recognized
50%
Croatia Recognized
50%
Cuba Recognized
50%
Democratic Republic of the Congo Recognized
50%
East Timor Recognized
50%
Ecuador Recognized
50%
Egypt Recognized
50%
El Salvador Recognized
50%
Equatorial Guinea Recognized
50%
Eritrea Recognized
50%
Estonia Recognized
50%
Eswatini Recognized
50%
Ethiopia Recognized
50%
Federated States of Micronesia Recognized
50%
Fiji Recognized
50%
Gambia Recognized
50%
Germany Recognized
50%
Ghana Recognized
50%
Guinea Recognized
50%
Guyana Recognized
50%
Haiti Recognized
50%
Honduras Recognized
50%
Hungary Recognized
50%
Iceland Recognized
50%
Ireland Recognized
50%
Italy Recognized
50%
Ivory Coast Recognized
50%
Kyrgyzstan Recognized
50%
Latvia Recognized
50%
Lebanon Recognized
50%
Lesotho Recognized
50%
Liberia Recognized
50%
Lichtenstein Recognized
50%
Lithuania Recognized
50%
Madagascar Recognized
50%
Maldives Recognized
50%
Malta Recognized
50%
Mexico Recognized
50%
Moldova Recognized
50%
Morocco Recognized
50%
Myanmar Recognized
50%
Namibia Recognized
50%
Nepal Recognized
50%
Nicaragua Recognized
50%
Niger Recognized
50%
Nigeria Recognized
50%
North Macedonia Recognized
50%
Panama Recognized
50%
Papua New Guinea Recognized
50%
Paraguay Recognized
50%
Peru Recognized
50%
Philippines Recognized
50%
Poland Recognized
50%
Republic of the Congo Recognized
50%
Romania Recognized
50%
Russia Recognized
50%
Rwanda Recognized
50%
Saint Kitts and Nevis Recognized
50%
Saint Lucia Recognized
50%
Saint Vincent and the Grenadines Recognized
50%
Samoa Recognized
50%
San Marino Recognized
50%
Sao Tome and Principe Recognized
50%
Senegal Recognized
50%
Serbia Recognized
50%
Seychelles Recognized
50%
Singapore Recognized
50%
Slovakia Recognized
50%
Slovenia Recognized
50%
Solomon Islands Recognized
50%
Somalia Recognized
50%
South Africa Recognized
50%
South Korea Recognized
50%
South Sudan Recognized
50%
Sri Lanka Recognized
50%
Sudan Recognized
50%
Suriname Recognized
50%
Syria Recognized
50%
Tanzania Recognized
50%
Thailand Recognized
50%
Togo Recognized
50%
Tonga Recognized
50%
Transnistria Unrecognized/ Claimed by Moldova
50%
Tunisia Recognized
50%
Tuvalu Recognized
50%
Uganda Recognized
50%
Ukraine Recognized
50%
Vanuatu Recognized
50%
Venezuela Recognized
50%
Bahamas Recognized
25%
Benin Recognized
25%
Bolivia Recognized
25%
Burundi Recognized
25%
Chad Recognized
25%
Chile Recognized
25%
Cook Islands Unrecognized
25%
Czechia Recognized
25%
Djibouti Recognized
25%
Gabon Recognized
25%
Guatemala Recognized
25%
Guinea-Bissau Recognized
25%
Iran Recognized
25%
Iraq Recognized
25%
Kazakhstan Recognized
25%
Kiribati Recognized
25%
Kuwait Recognized
25%
Libya Recognized
25%
Malawi Recognized
25%
Mongolia Recognized
25%
Mozambique Recognized
25%
Nauru Recognized
25%
Palau Recognized
25%
Sierra Leone Recognized
25%
Marashall islands Recognized
0%
Niue Unrecognized
0%
Sahrawi Arab Democratic Republic Unrecognized/ Claimed by Morroco
0%
No matching quizzes found
Score Distribution
Percent of People with Each Score
Percentile by Number Answered
Your Score History
You have not taken this quiz